| 000 | 00626naa a2200193 4500 | ||
|---|---|---|---|
| 001 | 189328 | ||
| 003 | ES-MaBCM | ||
| 005 | 20241016192937.0 | ||
| 008 | 120209s2011 esp|r0p 0 ||spa d | ||
| 021 | _axx | ||
| 035 | _a(OCoLC)1365140600 | ||
| 040 | _cES-MaBCM | ||
| 100 | 1 |
_aSerrano Castro, Mª Dolores _994382 |
|
| 245 | 1 | 0 |
_aComentarios al anteproyecto de ley sobre contratos de aprovechamiento por turno de bienes inmuebles _cMª Dolores Serrano Castro |
| 650 | 2 | 7 |
_aMultipropiedad _959500 |
| 651 | 2 | 4 |
_aEspaña _9115342 |
| 773 | 0 |
_aEn: _tLa Ley _dMadrid _gVol. 4 (2011), p. 1723-1725 (D-389) _w104460 |
|
| 942 | _cAREV | ||
| 999 |
_c189328 _d189328 |
||